Statistiques concernant Culture Générale - Série 230

Cliquez ici pour prendre le quiz!

Statistiques générales

  • Ce quiz a été pris 113 fois
  • Le résultat moyen est 6 sur 10

Statistiques - réponses

QuestionRéponse% Correct
Selon le titre de sa chanson, de qui Johnny Hallyday est-il "l'idole" en 1962 ?Des jeunes
86%
Qui "fait de la résistance" dans le film de Jean-Marie Poiré de 1983 ?Papy
81%
Comment appelle-t-on les habitants d'Alger ?Les Algérois
79%
Sous Charlemagne, qu'était Durandal pour Roland ?Son épée
71%
De quel super héros le Bouffon vert est-il l'ennemi ?Spider-Man
68%
Qui est surnommé "les bons tuyaux" dans la série "Starsky et Hutch" ?Huggy
63%
Selon l'expression, comme quel animal arrive-t-on dans un jeu de quilles ?Un chien
57%
De quel sport le Français Djamel Bouras a-t-il été champion olympique ?Le judo
56%
Qui chante "Il fait beau, il fait bon" en 1971 ?Claude François
39%
En 1965, qui incarne la gouvernante du film "La Mélodie du bonheur" ?Julie Andrews
19%

Distribution des résultats

Percentile par nombre de réponses

% des personnes avec chaque résultat

Votre développement - résultats

Vous n’avez pas pris ce quiz